000 01043nam a2200301 i 4500
001 16392
003 ES-MaACL
005 20230906151317.0
007 t|
008 000907s1998 sp ||||1| spa d
020 _a84-7774-231-6
080 _a316.356.62(460)"19"
080 _a316.323.65(460)
100 1 _aPérez Díaz, Víctor.
_990833
245 1 0 _aFamilia y sistema de bienestar
_b: la experiencia española con el paro, las pensiones, la sanidad y la educación /
_cVíctor Pérez-Díaz, Elisa Chulía, Berta Alvarez-Miranda.
260 _aMadrid :
_bFundación Argentaria :
_bVisor,
_c[1998]
300 _a184 p. ;
_c24 cm.
490 1 _aIgualdad ;
_v11
650 4 _aFamilias-
_zEspaña.
_9153338
650 4 _aBienestar social-
_zEspaña.
_910560
650 4 _aFamilia y enseñanza.
_9160891
700 1 _aChuliá, Elisa.
_938692
700 1 _aÁlvarez-Miranda, Berta.
_920882
710 2 _aFundación Argentaria.
_94221
830 1 _aIgualdad ;
_v11
_9179963
852 _aES-MaACL
_jL-23467
999 _c16392
_d16392